<?xml version="1.0" encoding="UTF-8"?><?xml-stylesheet type="text/xsl" href="static/style.xsl"?><OAI-PMH xmlns="http://www.openarchives.org/OAI/2.0/" xmlns:xsi="http://www.w3.org/2001/XMLSchema-instance" xsi:schemaLocation="http://www.openarchives.org/OAI/2.0/ http://www.openarchives.org/OAI/2.0/OAI-PMH.xsd"><responseDate>2026-04-13T02:19:53Z</responseDate><request verb="GetRecord" identifier="oai:www.recercat.cat:10459.1/69488" metadataPrefix="marc">https://recercat.cat/oai/request</request><GetRecord><record><header><identifier>oai:recercat.cat:10459.1/69488</identifier><datestamp>2024-12-05T22:16:46Z</datestamp><setSpec>com_2072_3622</setSpec><setSpec>col_2072_479130</setSpec></header><metadata><record xmlns="http://www.loc.gov/MARC21/slim" xmlns:dcterms="http://purl.org/dc/terms/" xmlns:xsi="http://www.w3.org/2001/XMLSchema-instance" xmlns:doc="http://www.lyncode.com/xoai" xsi:schemaLocation="http://www.loc.gov/MARC21/slim http://www.loc.gov/standards/marcxml/schema/MARC21slim.xsd">
   <leader>00925njm 22002777a 4500</leader>
   <datafield ind2=" " ind1=" " tag="042">
      <subfield code="a">dc</subfield>
   </datafield>
   <datafield ind2=" " ind1=" " tag="720">
      <subfield code="a">Laplana Lafaja, Marina</subfield>
      <subfield code="e">author</subfield>
   </datafield>
   <datafield ind2=" " ind1=" " tag="720">
      <subfield code="a">Yuguero Torres, Oriol</subfield>
      <subfield code="e">author</subfield>
   </datafield>
   <datafield ind2=" " ind1=" " tag="720">
      <subfield code="a">Fibla Palazón, Joan</subfield>
      <subfield code="e">author</subfield>
   </datafield>
   <datafield ind2=" " ind1=" " tag="260">
      <subfield code="c">2020-09-16T08:55:40Z</subfield>
   </datafield>
   <datafield ind2=" " ind1=" " tag="260">
      <subfield code="c">2020-09-16T08:55:40Z</subfield>
   </datafield>
   <datafield ind2=" " ind1=" " tag="260">
      <subfield code="c">2020</subfield>
   </datafield>
   <datafield ind2=" " ind1=" " tag="520">
      <subfield code="a">Background The search for a SARS-CoV-2 treatment has emerged as a worldwide priority. We evaluated the role of chloroquine and its derivatives in COVID-19 in Spanish individuals.&#xd;
&#xd;
Methods We performed a survey addressed to patients regularly taking chloroquine and its derivatives for the control of their autoimmune diseases. The survey was distributed with special attention to Spanish patient associations centred on autoimmune diseases and rheumatology and to the general population. A sample of untreated subjects was matched to the treated group according to sex, age range and incidence region. COVID-19 disease prevalence was compared between treated and untreated-matched control sample.&#xd;
&#xd;
Results A total of 319 surveys of patients regularly taking chloroquine and its derivatives were recovered for further analysis. The prevalence of declared COVID-19 status in the treated group was 5.3% and the mean prevalence among the untreated-matched groups was 3.4%. A community exposition to COVID-19 was associated with a greater prevalence of COVID-19 in both, treated (17.0% vs. 3.2%; p-value&lt;0.001) and untreated groups (13.4% vs. 1.1%; p-value=0.027).&#xd;
&#xd;
Conclusion We did not find differences of reported COVID-19 cases between treated and untreated groups, indicating a lack of protection by regular administration of chloroquine and its derivative drugs on COVID-19 infection. Of relevance, data indicates that patients that regularly take chloroquine derivatives are exposed to SARS-CoV-2 infection and must take the same protection measures as the general population.</subfield>
   </datafield>
   <datafield ind1="8" ind2=" " tag="024">
      <subfield code="a">http://hdl.handle.net/10459.1/69488</subfield>
   </datafield>
   <datafield tag="653" ind2=" " ind1=" ">
      <subfield code="a">Chloroquine</subfield>
   </datafield>
   <datafield tag="653" ind2=" " ind1=" ">
      <subfield code="a">COVID-19 prevalence</subfield>
   </datafield>
   <datafield tag="653" ind2=" " ind1=" ">
      <subfield code="a">Hydroxychloroquine</subfield>
   </datafield>
   <datafield tag="653" ind2=" " ind1=" ">
      <subfield code="a">Prophylaxis</subfield>
   </datafield>
   <datafield tag="653" ind2=" " ind1=" ">
      <subfield code="a">SARS-CoV-2</subfield>
   </datafield>
   <datafield ind2="0" ind1="0" tag="245">
      <subfield code="a">Lack of protective effect of chloroquine derivatives on COVID-19 disease in a Spanish sample of chronically treated patients</subfield>
   </datafield>
   <datafield ind2="0" ind1="0" tag="245">
      <subfield code="a">No prophylactic effect of hydroxychloroquine against COVID-19 disease</subfield>
   </datafield>
</record></metadata></record></GetRecord></OAI-PMH>